| 000 | 01648cam a22002174a 4500 | ||
|---|---|---|---|
| 005 | 20260205123416.0 | ||
| 008 | 250528s ||||||||||||||||||||||||d | ||
| 035 | _a17861 | ||
| 020 | _a9789606151170 | ||
| 040 |
_aGR-AtMCL _bgre _dGR-AtMCL _eAACR2 |
||
| 245 | 1 | _aΤο Έξυπνο Σώμα / Οδηγός για μια Πλήρη Ψυχο-Σωματική Υγεία και Ευεξία | |
| 260 |
_bΆρμος, _c2018 |
||
| 300 | _a496 | ||
| 520 | _aΣτο βιβλίο αυτό αποκαλύπτεται ότι κλείδι για την υγεία και το ευ ζήν αποτελεί ή εναρμόνιση με τον αληθινό εαυτό μας. Πρόλογος, Βάζοντας τα Θεμέλια, Εισαγωγή, Όχι στο Στρες πού Νιώθετε αλλά Εκείνο που δεν νιώθετε, Ποιά Σχέση Έχει το Αίσθημα, Ενεργειακή Ροή: Οι Βασικές Αρχές, Τελικά Ποιός Είμαι, Ο Διευρυμμένος Εαυτός, Ο Δρόμος για την Ανάρρωση, Τα Συμπτώματα Είναι Λύσεις, Ορίζοντας ΕΣΑΣ, Πείτε μου τη Δική σας Αλήθεια, Δεν Υπάρχουν Θύματα ή Κακοί, Ανθρώπινες Ανάγκες και Ενθάρρυνση της Δημιουργικής Ροής σας, Σχεδιασμός Ζωής και Δημιουργία, Κατάλογος Βιβλίων. | ||
| 700 | 1 |
_aDavies Kyle _94145 |
|
| 700 | 1 |
_aMaté, Gabor _94146 |
|
| 700 | 1 |
_aΣαμοθράκη Ντίνα _94132 |
|
| 942 | _cBK | ||
| 999 |
_c3261 _d3261 |
||